| 000 | 01433nam0a2200349 4500 | ||
|---|---|---|---|
| 001 | RU\NLR\bibl\1410940 | ||
| 005 | 20260405171527.0 | ||
| 010 |
_a978-5-7905-3233-7 _910000 |
||
| 021 |
_aRU _b2009-53659 _93310 |
||
| 035 | _a(nilc)RSL-KNO-004351560 | ||
| 035 | _a(NLR Aleph) 001402920 | ||
| 090 |
_a1233847 _c1233847 |
||
| 100 | _a20090629d2009 |||y0rusy50 ca | ||
| 101 | 0 | _arus | |
| 102 | _aRU | ||
| 105 | _ay zzzz||||| | ||
| 200 | 1 |
_aЗолотой ус и другие природные целители _f[авт.-сост. Иванов А.В.] |
|
| 210 |
_aМосква _cРИПОЛ классик _d2009 |
||
| 215 |
_a574, [1] с. _d15 |
||
| 606 | 1 |
_aКаллизия душистая _jСправочники _xКомнатное выращивание _92352955 _3RU\NLR\auth\661405620 |
|
| 606 | 1 |
_aКаллизия душистая _jСправочники _xЛечебное применение _92346465 _3RU\NLR\auth\661402194 |
|
| 686 |
_aР.я972 _2rubbk |
||
| 686 | _aП214.39каллизия душистая-455.5я2 | ||
| 686 | _aР282.111Каллизия душистая | ||
| 702 | 1 |
_4220 _8rus _7ca _aИванов _bА. В. _cпопуляризатор _gАлексей Владимирович _3RU\NLR\auth\7773171 _956099 |
|
| 801 | 0 |
_aRU _bРКП _c20090629 _grcr |
|
| 801 | 1 |
_aRU _bРГБ _c20090629 |
|
| 801 | 2 |
_aRU _bNLR _c20090914 _grcr |
|
| 942 | _cBOOK | ||
| 980 | _aNB | ||